Statistiken für Magdas Lieblingsmusiker

Klicken Sie hier um das Quiz zu spielen!

Allgemein

  • Dieses Quiz wurde 29 mal gespielt
  • Das Durchschnittsergebnis liegt bei 6 aus 13

Antwortstatistiken

MusikrichtungBand/Künstler% Korrekt
K-PopGot7
76%
K-RockDay6
59%
Deutsch RapSido
59%
Deutsch PopCro
53%
K-PopExo
53%
K-PopAteez
47%
K-PopB.A.P
47%
K-PopBigBang
47%
PopEd Sheeran
35%
NDWErste Allgemeine Verunsicherung
35%
K-PopBlock B
29%
ReggaeSEEED
18%
PopShawn Mendes
12%

Verteilung der Resultate

Perzentil nach korrekt beantworteten Fragen

Anzahl Personen mit jedem Resultat

Ihre Resultats-Entwicklung

Sie haben dieses Quiz noch nicht gespielt